000 01753nam0a2200313 4500
001 RU\NLR\b_ik\90508
005 20250616224658.0
035 _a(NLR Aleph) 002164570
090 _a2571083
_c2571083
100 _a20020813d2001 |||y0rusy50 ca
101 0 _aeng
_drus
102 _aRU
105 _ay |||||||||
200 1 _aConfigurable data and CAMAC hardware representations for implementation of the SPHERE DAQ and offline systems
_fA. Yu. Isupov
210 _aDubna
_cJoint inst. for nuclear research
_d2001
215 _a16
_d22
225 1 _aСообщения Объединенного института ядерных исследований
_vЕ10-2001-199
300 _aНа 3-й с. обл.: Конфигурируемые представления данных и аппаратуры КАМАК для реализации систем сбора и обработки данных установки СФЕРА / Исупов А.Ю.
300 _aРез. на рус. яз.
320 _aБиблиогр.: с. 16 (5 назв.)
517 0 _aКонфигурируемые представления данных и аппаратуры КАМАК для реализации систем сбора и обработки данных установки СФЕРА
606 0 _aСФЕРА, установка для ядерных исследований
_xОбработка данных
_92267120
_3RU\NLR\AUTH\661358988
606 0 _aКАМАК, система для автоматизации экспериментов
_9965400
_3RU\NLR\AUTH\6642319
686 1 _aВ381.1с
700 1 _aIsupov
_bA. Ju.
_4070
801 0 _aRU
_bNLR
_c20020813
_gPSBO
942 _cBOOK
980 _aNB